Prevención y castigo del blanqueo de capitales : (Registro nro. 172766)
[ vista simple ]
| 000 -LEADER | |
|---|---|
| fixed length control field | 01062nam a22003131i 4500 |
| 001 - CONTROL NUMBER | |
| control field | bslw10055300 |
| 006 - FIXED-LENGTH DATA ELEMENTS--ADDITIONAL MATERIAL CHARACTERISTICS--GENERAL INFORMATION | |
| fixed length control field | m o d |
| 007 - PHYSICAL DESCRIPTION FIXED FIELD--GENERAL INFORMATION | |
| fixed length control field | cr un ---uuuua |
| 008 - FIXED-LENGTH DATA ELEMENTS--GENERAL INFORMATION | |
| fixed length control field | 230530s2015 sp ob 000 0 spa d |
| 020 ## - INTERNATIONAL STANDARD BOOK NUMBER | |
| International Standard Book Number | 9788413810737 |
| 035 ## - | |
| -- | 38418 |
| 040 ## - CATALOGING SOURCE | |
| Original cataloging agency | UtOrBLW |
| Language of cataloging | eng |
| Description conventions | rda |
| Transcribing agency | UtOrBLW |
| 050 #4 - | |
| -- | K5223 |
| -- | .G47 2015 |
| 082 04 - | |
| -- | 345.0268 |
| -- | 23 |
| 100 1# - MAIN ENTRY--PERSONAL NAME | |
| Personal name | Germán Bermejo, Mateo, |
| Relator term | author. |
| 245 10 - TITLE STATEMENT | |
| Title | Prevención y castigo del blanqueo de capitales : |
| Remainder of title | un análisis jurídico-económico / |
| Statement of responsibility, etc | Mateo G. Bermejo. |
| 264 #1 - | |
| -- | Madrid : |
| -- | Marcial Pons, |
| -- | 2015. |
| 300 ## - PHYSICAL DESCRIPTION | |
| Extent | 1 online resource (386 pages) |
| 336 ## - | |
| -- | text |
| -- | txt |
| -- | rdacontent |
| 337 ## - | |
| -- | computer |
| -- | c |
| -- | rdamedia |
| 338 ## - | |
| -- | online resource |
| -- | cr |
| -- | rdacarrier |
| 490 1# - SERIES STATEMENT | |
| Series statement | Derecho penal y criminología |
| 504 ## - BIBLIOGRAPHY, ETC. NOTE | |
| Bibliography, etc | Includes bibliographical references. |
| 650 #0 - SUBJECT ADDED ENTRY--TOPICAL TERM | |
| Topical term or geographic name as entry element | Money laundering |
| General subdivision | Law and legislation. |
| 830 #0 - | |
| -- | Derecho penal y criminología (Marcial Pons (Firm)) |
| 856 40 - LOCALIZACIÓN Y ACCESO ELECTRÓNICO | |
| Identificador Uniforme del Recurso (URI/URL) | https://app.vlex.com/#/sources/38418 |
| 942 ## - | |
| -- | RAA |
| 999 ## - | |
| -- | 172766 |
| -- | 172766 |
No hay ítems disponibles.